=LDR 00000nam 2200000 4500 =001 INLIS000000000031193 =005 20140327175337.0 =006 =007 =008 Ind =035 ##$$a 0010-061300000031193 =041 ##$$a Ind =082 ##$$a 635.96 =090 ##$$a 6353.96, Cha p =100 ##$$a Chandra, Lastini =245 ##$$a Pesona puring, Lasrini Chandra; Maloedyn Sitanggang =260 ##$$a 2007 $b Jakarta =300 ##$$a 72 hlm, ilus, 23 cm =650 ##$$a Bunga puring =700 ##$$a Sitanggang, Maludyn =850 ##$$a NBPNMAT =990 ##$$a 93019/BPAP-NTB/2014 =990 ##$$a 21196157/BPAP-NTB/2014